00525naa a2200169 a 450000100080000000500110000800800410001910000180006024500960007826000090017452000560018365300100023965300130024965300120026265300110027477300700028511236922015-04-22 2006 bl uuuu u00u1 u #d1 aMARCONDES, T. aLeite - Alguns dados do Levantamento Agropecuario Catarinense (LAC).h[electronic resource] c2006 aAcompanhamento conjuntural da semana de 05 a 11/05. aleite amercados apre??os asafras tInforme Conjuntural, Florianopolisgv. 24, n. 1042, p. 7-9, 2006.